00401nam a2200157Ia 4500003000400000008004100004040001600045082001300061100001600074245004000090260004200130300001000172490002400182650001500206650002200221GCL140319s9999 xx 000 0 eng d aGCL / cGCL04a843bG F1 aGIDE, ANDRE10aFEUILLETS D'AUTOMNE / cGIDE, ANDRE a[S.N] : bMERCURE DE FRANCE ، c1949 a270 P aCOLLECTION FOLIOv004aLITERATURE04aFRENCH LITERATURE